000 00534 a2200193 4500
005 20260209105858.0
008 260209b |||||||| |||| 00| 0 eng d
020 _a9780199568727
_cRs. 350.00
040 _aMAIN
082 _a840.9
_bL995F
100 _aLyons, John D
245 _aFrench literature: A very short introduction
260 _bOxford University Press
_c2010
_aNew York
300 _axii, 137
650 _aFrench Literature
650 _aHistorical Surveys
650 _aLiterature- Criticism
942 _cBK
999 _c395256
_d395256